| 000 | 01163pam a2200265 i 4500 | ||
|---|---|---|---|
| 999 |
_c5308 _d5308 |
||
| 001 | 019494001 | ||
| 003 | Uk | ||
| 005 | 20250904110125.0 | ||
| 008 | 190801s2019 enkab j 000 h eng d | ||
| 020 | _a9780241422137 | ||
| 040 |
_aStDuBDS _beng _cStDuBDS _dUk _dKH8 _erda |
||
| 042 | _aukblcatcopy | ||
| 082 | _aFIC DAH | ||
| 100 |
_aDahl, Roald, _eauthor. |
||
| 245 | 0 | 0 |
_aMatilda's jokes for awesome kids / _cRoald Dahl. |
| 264 | 1 |
_aLondon : _bPuffin, _c2019. |
|
| 300 |
_a129 pages : _billustrations (black and white), maps ; _c20 cm |
||
| 336 |
_atext _2rdacontent |
||
| 336 |
_astill image _2rdacontent |
||
| 337 |
_aunmediated _2rdamedia |
||
| 338 |
_avolume _2rdacarrier |
||
| 520 | _aWhat do you get if you add 25 and 917, then subtract 765 and divide the answer by 33? A headache. (Unless you're Matilda!) Matilda's Jokes for Clever Kids would even make the Trunchbull laugh! Narrated by Matilda herself, this joke book is stuffed full of gigglesome gags, silly puns, brain-tickling riddles, and the Trunchbull's favourite insults- guaranteed to raise a chuckle from human beans young and old. | ||
| 650 | 0 | _aWit and humor, Juvenile. | |
| 942 |
_2ddc _cER |
||